000
00402nam a22001577a 4500
003
MPLRDC
005
20220104124147.0
008
210129b ||||| |||| 00| 0 eng d
082
_a
490.7 XJB
100
_a
小久保. 晴行
245
_a
变色龙: 华侨经营成功术
_c
黄渊源译
260
_a
_b
现代工商出版社
_c
300
_b
平
650
_a
商学总论
942
_c
BK
_o
490.7 XJB
999
_c
17111
_d
17101